Language Quiz

Random Language or Hockey Quiz

NHL without Hockey (Vocab) Quiz Stats

 Plays Quiz not verified by Sporcle

Also try: Just L & B
Challenge
Share
Tweet
Embed
Score 0/20 Timer 04:00
0 Plays Today
Hint Answer % Correct
_ N H _ L _: What Clinton didn't do when he smoked pot (he said)Inhale
92.3%
_ N H _ L _: Profane; not hallowedUnholy
66.7%
_ _ N _ H _ L: Compound with a cool, minty flavorMenthol
53.8%
_ _ _ N H _ L _: Kind of racer; high-speed skiing eventDownhill
51.3%
_ N _ H _ L _ _ _: Taqueria treat; rolled and filled Mexican dishEnchilada
48.7%
_ _ N _ H L _: Like a magazine published 12 times a yearMonthly
46.2%
N _ _ _ H _ L: Arctic whale; the male has a spiral tuskNarwhal
46.2%
_ N _ H _ L _: Where some colonists live; earth moundAnthill
38.5%
_ _ N H _ L _: Balloon buster; homemade camera featurePinhole
38.5%
_ _ N _ H _ _ L: Revolving firework; windblown toyPinwheel
38.5%
Hint Answer % Correct
N _ _ H _ _ L _ _: Cabaret, bistro, supper club, saloonNightclub
38.5%
_ _ _ N _ H _ L _ _: Prized rodent; pearly-gray furChinchilla
35.9%
_ _ N H _ L _: Going underground? Use thisManhole
33.3%
_ _ N H _ _ _ L _: Treat roughly; knock aboutManhandle
30.8%
_ _ _ _ N _ H _ L _: Gloom, depression, sadnessMelancholy
30.8%
N _ _ _ H _ L _: Model of pithiness; Thumbelina's sleeping placeNutshell
25.6%
_ N _ _ H _ L _: Chivalrous, gallantKnightly
23.1%
_ N _ _ H _ L _: Board vacancy? Flaw in a fenceKnothole
23.1%
_ _ _ _ _ N H _ L _: Slit or loop; back into a corner; abruptly confrontButtonhole
23.1%
_ N _ _ _ H _ _ _ L: Perceptive; astute; displaying intuitive understandingInsightful
10.3%

You're not logged in!

Compare scores with friends on all Sporcle quizzes.
OR
Log In

You Might Also Like...

Show Comments

Extras

Top Quizzes Today


Score Distribution

Your Account Isn't Verified!

In order to create a playlist on Sporcle, you need to verify the email address you used during registration. Go to your Sporcle Settings to finish the process.

Report this User

Report this user for behavior that violates our Community Guidelines.

Details: